LEADER 00851nam a2200217 i 4500 001 000000042441 003 CaOOAMICUS 005 20160825000000.0 008 160825s1865 it u000 u ita u 013 $a13611 040 $aSeMil$bita 245 10$aCodice civile del Regno d'Italia. 260 $aMilano :$bStamperia Reale in esercizio di A. Molina e Soci,$c1865. 300 $aVIII, 528 p. ;$c23 cm. 650 4$aDiritto - Codici - Italia - Ed. ante 1900.$0(OLS)http://semarc/subject/3218 850 $aSeMil 852 $aSeMil$W1$xVenegono$y1$m3L III 38 FA$j8596$B8596$CSeMilBibl$Z2$F8596 $8I 941 1 $a10 961 $aRecupero: Mantegazza 996 $6245$aCodice civile del Regno d'Italia$9(OLS)http://semarc/title/61901 996 $6260$aMilano :$bStamperia Reale in esercizio di A. Molina e Soci$9(OLS)http://semarc/publisher/40317 LEADER 01125nam a2200265 i 4500 001 000000074719 003 CaOOAMICUS 005 20130318000000.0 008 130318s1994 it u000 u ita u 013 $a45891 020 $a8821528529 040 $aSeMil$bita 100 1 $aBotero Giraldo, J. Silvio .$0(OLS)http://semarc/name/27608 245 10$aEtica coniugale :$bper un rinnovamento della morale matrimoniale /$cJ. Silvio Botero G. 260 $aCinisello Balsamo :$bSan Paolo,$ccopyr. 1994. 300 $a205 p. ;$c21 cm. 490 0 $aUniverso teologia ;$v29 650 4$aMorale coniugale - Studi.$0(OLS)http://semarc/subject/13890 830 0$aUniverso teologia ;$v29.$0(OLS)http://semarc/title/224 850 $aSeMil 852 $aSeMil$W1$xVenegono$y1$m2F VII 61$j262172$B40871$CSeMilBibl$Z2$F40875 $81 961 $aOmaggio: Donazione 996 $6020$a8821528529$9(OLS)http://semarc/number/55002 996 $6245$aEtica coniugale :$bper un rinnovamento della morale matrimoniale$9(OLS)http://semarc/title/121162 996 $6260$aCinisello Balsamo :$bSan Paolo$9(OLS)http://semarc/publisher/30129